Primer congreso de derecho societario (Registro nro. 7471)

Detalles MARC
000 -LEADER
fixed length control field 00995 a2200217 4500
001 - CONTROL NUMBER
control field 61881
005 - DATE AND TIME OF LATEST TRANSACTION
control field 20260407155911.0
008 - FIXED-LENGTH DATA ELEMENTS--GENERAL INFORMATION
fixed length control field 260407a1979 arg spa d
003 - CONTROL NUMBER IDENTIFIER
control field AR-UNSa-BCEJYS
040 ## - CATALOGING SOURCE
Original cataloging agency AR-UNSa-BCEJYS
Language of cataloging spa
Transcribing agency AR-UNSa-BCEJYS
080 ## - UNIVERSAL DECIMAL CLASSIFICATION NUMBER
Universal Decimal Classification number 347.72
Common auxiliary subdivision Sociedades comerciales
041 ## - LANGUAGE CODE
Language code of text/sound track or separate title spa
100 1# - MAIN ENTRY--PERSONAL NAME
Personal name Congreso de Derecho Societario (1º : 1977 ago. 17-20 : La Cumbre, Córdoba, Argentina)
245 10 - TITLE STATEMENT
Title Primer congreso de derecho societario
264 #1 - PRODUCTION, PUBLICATION, DISTRIBUTION, MANUFACTURE, AND COPYRIGHT NOTICE
Place of production, publication, distribution, manufacture Buenos Aires :
Name of producer, publisher, distributor, manufacturer Ediciones Depalma
Date of production, publication, distribution, manufacture, or copyright notice 1979
300 ## - PHYSICAL DESCRIPTION
Extent 2 v. (735 ; 924 p.)
Dimensions 23 cm.
505 ## - FORMATTED CONTENTS NOTE
Formatted contents note Vol. I: Comisión I: Agrupación de sociedades - Comisión II: Iter constitutivo y sociedades irregulares -- Vol. II: Comisión III: Asamblea de sociedades por acciones - Comisión IV: Control estatatal de sociedades por acciones -
590 ## - LOCAL NOTE (RLIN)
Local note niveau_biblio:m niveau_hierar:0
700 1# - ADDED ENTRY--PERSONAL NAME
Personal name Universidad Nacional de Córdoba. Facultad de Derecho y Ciencias Sociales. Instituto de Derecho Comercial
942 ## - ADDED ENTRY ELEMENTS (KOHA)
Koha item type
Existencias
Withdrawn status Lost status Damaged status Not for loan Home library Current library Shelving location Date acquired Total checkouts Full call number Barcode Date last seen Price effective from Koha item type
        Biblioteca Prof. Eusebio Cleto del Rey Biblioteca Prof. Eusebio Cleto del Rey   07/04/2026   347.72 C749/1979 v.1 L28371 07/04/2026 07/04/2026 Libro
        Biblioteca Prof. Eusebio Cleto del Rey Biblioteca Prof. Eusebio Cleto del Rey   07/04/2026   347.72 C749/1979 v.1 L28385 07/04/2026 07/04/2026 Libro
        Biblioteca Prof. Eusebio Cleto del Rey Biblioteca Prof. Eusebio Cleto del Rey   07/04/2026   347.72 C749/1979 v.2 L28372 07/04/2026 07/04/2026 Libro
        Biblioteca Prof. Eusebio Cleto del Rey Biblioteca Prof. Eusebio Cleto del Rey   07/04/2026   347.72 C749/1979 v.2 L28386 07/04/2026 07/04/2026 Libro